1081 1485 1035 1545 1594 1004 1566 1732 1926 1556 1984 1135 1581 1117 1200 1285 1810 1379 1477 1058 1384 1567 1269 1914 1781 1609 1284 1306 1264 1072 1702 1747 1128 1356 1050 1676 1476 1385 1541 1941 1768 1085 1294 1917 1815 1022 1347 1027 1896 1080 1797 1381 1999 1018 1064 1862 1509 1884 1339 1360 1790 1670 1151 1613 1080 1993 1450 1150 1139 1990 1128 1034 1799 1439 1719 1290 1181 1647 1657 1380 1954 1614 1747 1853 1934 1088 1693 1699 1041 1628 1938 1269 1878 1452 1175 1271 1205 1533 1649 BCNSPRNW ULIB Ver.6.0+V

เปลี่ยนเป็นภาษาไทย

Change to English
 แสดงรายละเอียดบรรณานุกรม
  กลับหน้าหลัก

Brief Record : Get Marc (ISO 2709) : E-mail record : QR code < ปิดหน้าต่าง
LEADER : 00000nam 2200000uu 4500
001    13399126720
003     ULIB
008    190221s2561||||th 000 0 tha d
020    ^a9789740337836
060    ^aWA100^bก781ส
100    ^aเกษแก้ว เสียงเพราะ
245    ^aสุขศึกษาและพฤติกรรมสุขภาพ/^cเกษแก้ว เสียงเพราะ
260    ^aกรุงเทพฯ :^bสำนักพิมพ์แห่งจุฬาลงกรณ์มหาวิทยาลัย,^c2561
300    ^a281 หน้า;^b26 ซม.
650    ^aสุขศึกษา
945    ^p250^l0^i27840
945    ^p250^l0^i27109
945    ^p250^l0^i27108
945    ^p250^l0^i27107
945    ^p250^l0^i27106
945    ^p250^l0^i27837
945    ^p250^l0^i27839
945    ^p250^l0^i27838
945    ^p250^l0^i27836
999    ^aกัณชพร จุลอักษร
รายการนี้ยังไม่มีแท็ก
คุณยังไม่ได้ล็อกอิน คุณสามารถมีกิจกรรมร่วมกับเว็บไซต์ได้ แต่ต้องล็อกอินก่อน ::
  ล็อกอิน

รายการสื่อสารสนเทศ

ลำดับที่ ประเภท เลขเรียก/บาร์โค้ด สถานที่ สถานะ
1. หนังสือสำรอง
หนังสือสำรอง
WA100 ก781ส ฉ.1 
  Barcode: 27106
ห้องสมุดวิทยาเขตนครสวรรค์
►หนังสือทั่วไป:l:General Books
บนชั้น
2. วิทยาศาสตร์การแพทย์ และสุขภาพ
วิทยาศาสตร์การแพทย์ และสุขภาพ
WA100 ก781ส ฉ.2 
  Barcode: 27107
ห้องสมุดวิทยาเขตนครสวรรค์
►หนังสือทั่วไป:l:General Books
บนชั้น
3. วิทยาศาสตร์การแพทย์ และสุขภาพ
วิทยาศาสตร์การแพทย์ และสุขภาพ
WA100 ก781ส ฉ.3 
  Barcode: 27108
ห้องสมุดวิทยาเขตนครสวรรค์
►หนังสือทั่วไป:l:General Books
บนชั้น
4. วิทยาศาสตร์การแพทย์ และสุขภาพ
วิทยาศาสตร์การแพทย์ และสุขภาพ
WA100 ก781ส ฉ.4 
  Barcode: 27109
ห้องสมุดวิทยาเขตนครสวรรค์
►หนังสือทั่วไป:l:General Books
บนชั้น
5. วิทยาศาสตร์การแพทย์ และสุขภาพ
วิทยาศาสตร์การแพทย์ และสุขภาพ
WA100 ก781ส ฉ.5 
  Barcode: 27836
ห้องสมุดวิทยาเขตนครสวรรค์
►หนังสือทั่วไป:l:General Books
บนชั้น
6. วิทยาศาสตร์การแพทย์ และสุขภาพ
วิทยาศาสตร์การแพทย์ และสุขภาพ
WA100 ก781ส ฉ.6 
  Barcode: 27837
ห้องสมุดวิทยาเขตนครสวรรค์
►หนังสือทั่วไป:l:General Books
บนชั้น
7. วิทยาศาสตร์การแพทย์ และสุขภาพ
วิทยาศาสตร์การแพทย์ และสุขภาพ
WA100 ก781ส ฉ.7 
  Barcode: 27838
ห้องสมุดวิทยาเขตนครสวรรค์
►หนังสือทั่วไป:l:General Books
บนชั้น
8. วิทยาศาสตร์การแพทย์ และสุขภาพ
วิทยาศาสตร์การแพทย์ และสุขภาพ
WA100 ก781ส ฉ.8 
  Barcode: 27839
ห้องสมุดวิทยาเขตนครสวรรค์
►หนังสือทั่วไป:l:General Books
บนชั้น
9. วิทยาศาสตร์การแพทย์ และสุขภาพ
วิทยาศาสตร์การแพทย์ และสุขภาพ
WA100 ก781ส ฉ.9 
  Barcode: 27840
ห้องสมุดวิทยาเขตนครสวรรค์
►หนังสือทั่วไป:l:General Books
บนชั้น

รายการใกล้เคียง
    ผู้แต่ง [เกษแก้ว เสียงเพราะ]

    หัวเรื่อง [สุขศึกษา]

BibComment


ยังไม่เคยถูกคอมเมนท์

คอมเมนท์ทรัพยากรรายการนี้
  คอมเมนท์: สุขศึกษาและพฤติก..


 Copyright 2026. Bcnsprnw @Library